| 000 | 00811nam a2200253 a 4500 | ||
|---|---|---|---|
| 001 | 66338 | ||
| 003 | BD-RjUL | ||
| 005 | 20211209081527.0 | ||
| 008 | 170315r19521871ii 000 0 eng d | ||
| 035 | _a(BD-RjUL)66468 | ||
| 040 |
_aBD-RjUL _beng _cBD-RjUL _dBD-RjUL |
||
| 041 | _aeng | ||
| 082 |
_223 _a954.02 _bELH 1952 |
||
| 090 |
_aDS436 _b.E4 1952 |
||
| 100 | 1 |
_aElliot, H. M. _q(Henry Miers), _9196332 |
|
| 245 | 1 | 4 |
_aThe history of India as told by its own historians : _bThe Muhammadan period / _cH.M. Elliot |
| 250 | _a2nd ed. | ||
| 260 |
_aCalcutta : _bSusil Gupta (India), _c1952 |
||
| 300 |
_a165 p.; _c14 cm |
||
| 500 | _aTabakat-I-Akbari of Nizamu-D-Din Ahmad, Bakhshi,Part-2. | ||
| 651 |
_aIndia _xHistory _y1000-1526. _9197191 |
||
| 700 | 1 |
_aDowson, John, _d1820-1881. _9196308 |
|
| 942 |
_2ddc _cBK |
||
| 999 |
_c66338 _d66338 |
||